00937 2200289 4500001002100000005001500021035002000036007000300056008004100059040002200100082002100122084002300143090002200166245009800188300005500286700002400341850001200365110003900377651002900416264007000445336002100515337003000536338002300566022001400589999002200603990002200625INLIS00000000086393120210823095238 a0010-0821000630ta210823s2019 yoia g l ind d aYOPDYOGbinderda04223a315.09598273 a315.09598273 GUN k aCB-D.11 2019-418000aKecamatan Wonosari dalam angka 2019 /cBadan Pusat Statistik Gunungkidul; penyunting, Endarto axii, 82 halaman :btabel, ilustrasi, peta ;c21 cm0 aEndartoepenyunting aYOPDYOG2 aGunungkidul. Badan Pusat Statistik 4aGunungkidul--vStatistik31aGunungkidul :bBadan Pusat Statistik Kabupaten Gunungkidul,c2019 2rdacontentateks 2rdamediaatanpa perantara 2rdacarrieravolume a2614-9788 aCB-D.11/2019-4180 aCB-D.11/2019-4180